In Memoriam Th. Emil Homerlin /

Obituary for Th. Emil Homerlin

محفوظ في:

المؤلف الرئيسي: Buturović, Amila.

مؤلفون آخرون: Hughes, Aaron W..

التنسيق: كتاب

اللغة: Undetermined

الوصول للمادة أونلاين: Login to view Source

الوسوم: إضافة وسم

لا توجد وسوم, كن أول من يضع وسما على هذه التسجيلة!

رقم الطلب:

LEADER 00479nam a2200121Ia 4500
008 220712s9999||||xx |||||||||||||| ||und||
100 1 |a Buturović, Amila. 
245 1 0 |a In Memoriam Th. Emil Homerlin /  |c Amila Buturović. 
520 3 |a Obituary for Th. Emil Homerlin 
700 1 |a Hughes, Aaron W.. 
856 4 |u https://lockwoodonlinejournals.com/index.php/jarce/workflow/access/1966 
952 |0 0  |1 0  |4 0  |7 1  |9 42427  |a JARCE  |b JARCE  |d 2022-08-09  |l 0  |r 2022-08-09 00:00:00  |w 2022-08-09  |y PT 
999 |c 49190  |d 49190